LEADER 00814nam0-22003011i-450- 001 990006449550403321 005 20001010 035 $a000644955 035 $aFED01000644955 035 $a(Aleph)000644955FED01 035 $a000644955 100 $a20001010d--------km-y0itay50------ba 101 0 $aita 105 $ay-------001yy 200 1 $a<>SOCIETA ellenistica 210 $aMilano$cBompiani$d1977. 215 $a2 v. 22 cm 225 1 $aStoria e civiltà dei Greci$v7-8 300 $aVol. I: Quadro politico. Vol. II: Economia-diritto-religione. 676 $a938 801 0$aIT$bUNINA$gRICA$2UNIMARC 901 $aBK 912 $a990006449550403321 952 $aCOLLEZ. 604 (7-8)$b12821-2$fFSPBC 959 $aFSPBC 996 $aSocietà ellenistica$976534 997 $aUNINA DB $aGEN01 LEADER 01586nlm0 22004691i 450 001 990009251960403321 010 $a9783540483823 035 $a000925196 035 $aFED01000925196 035 $a(Aleph)000925196FED01 035 $a000925196 100 $a20100926d2006----km-y0itay50------ba 101 0 $aeng 102 $aDE 135 $adrnn-008mamaa 200 1 $aGraph-Theoretic Concepts in Computer Science$bRisorsa elettronica$e32nd International Workshop, WG 2006, Bergen, Norway, June 22-24, 2006 Revised Papers$fedited by Fedor V. Fomin 210 $aBerlin ; Heidelberg$cSpringer$d2006 225 1 $aLecture Notes in Computer Science$x0302-9743$v4271 230 $aDocumento elettronico 336 $aTesto 337 $aFormato html, pdf 702 1$aFomin,$bFedor V. 801 0$aIT$bUNINA$gREICAT$2UNIMARC 856 4 $zFull text per gli utenti Federico II$uhttp://dx.doi.org/10.1007/11917496 901 $aEB 912 $a990009251960403321 961 $aAlgorithm Analysis and Problem Complexity 961 $aAlgorithms 961 $aAlgorithms 961 $aComputational complexity 961 $aComputer graphics 961 $aComputer Graphics 961 $aComputer science 961 $aComputer Science 961 $aComputer software 961 $aData Structures 961 $aData structures (Computer science) 961 $aDiscrete Mathematics in Computer Science 961 $aElectronic data processing 961 $aNumeric Computing 996 $aGraph-Theoretic Concepts in Computer Science$9772292 997 $aUNINA